Stealth War (Record no. 351292)

MARC details
000 -LEADER
fixed length control field 00507nam a2200169Ia 4500
008 - FIXED-LENGTH DATA ELEMENTS--GENERAL INFORMATION
fixed length control field 230718s9999 xx 000 0 und d
020 ## - INTERNATIONAL STANDARD BOOK NUMBER
International Standard Book Number 9780593084342
041 ## - LANGUAGE CODE
Language code of text/sound track or separate title eng
082 ## - DEWEY DECIMAL CLASSIFICATION NUMBER
Classification number 327.117
Item number SPA
100 ## - MAIN ENTRY--PERSONAL NAME
Personal name Spalding R.
9 (RLIN) 129995
245 ## - TITLE STATEMENT
Title Stealth War
Remainder of title How China Took Over While America's Elite Slept
260 ## - PUBLICATION, DISTRIBUTION, ETC. (IMPRINT)
Date of publication, distribution, etc. 2019
Name of publisher, distributor, etc. Portfolio /Penguin
300 ## - PHYSICAL DESCRIPTION
Extent 234
365 ## - TRADE PRICE
Currency code Rs.
Price amount 699.00
700 ## - ADDED ENTRY--PERSONAL NAME
Personal name Spalding R. & Kaufman S.
9 (RLIN) 202048
906 ## - LOCAL DATA ELEMENT F, LDF (RLIN)
d O:0706518-Feb-2020B:566003-Feb-2020
c GENRL
b 174.75
Holdings
Withdrawn status Lost status Damaged status Not for loan Home library Current library Date acquired Vendor Budget Code Cost, normal purchase price Bill number Total Checkouts Full call number Barcode Date last seen Discount Cost, replacement price Bill Date Koha item type Original Barcode
        Cummins College of Engineering for Women Pune Cummins College of Engineering for Women Pune 18/02/2020 Technical Book Services GENRL 524.25 5660   327.117 CCEP-BK-62503 18/07/2023 174.75 699.00 03/02/2020 Books 062503